000 00628nam a22001817a 4500
999 _c20176
_d20176
003 AR-CdUCM
008 190527b ||||| |||| 00| 0 spa d
040 _aMUNICIPALIDAD PROVINCIAL DEL CUSCO
_cBIBLIOTECA MUNICIPAL DEL CUSCO
082 _a843.08 /
_bAN634
245 _aAntología del cuento francés /
260 _aLima :
_bInstituto Latinoamericano de Vinculación Cultural,
_c1964.
300 _a285 páginas ;
_c21 cm.
505 _aContenido: Voltaire -- Marqués de Sade -- Honoré de Balzac...
650 _aCuento francés
_942180
650 _aColecciones
_9607
942 _2ddc
_cLIBROS
945 _adavv
_d2019-05-27